| 000 | 00000nam##2200000za#4500 |
| 001 | 9.608008 |
| 003 | CaOODSP |
| 005 | 20210624213417 |
| 007 | cr ||||||||||| |
| 008 | 150406|2004||||xxc|||||o f|0| 0 fre|d |
| 040 | |aCaOODSP|bfre |
| 043 | |an-cn--- |
| 086 | 1 |aNH18-22/104-111F-PDF |
| 110 | 2 |aSociété canadienne d'hypothèques et de logement. |
| 245 | 10|aCaractérisation des ensembles en copropriété de la grande région d'Ottawa pour la période de 1969 à 2002 |h[ressource électronique] |
| 250 | |aRévision 2005, 2010 |
| 260 | |aOttawa - Ontario : |bSociété canadienne d'hypothèques et de logement |cc2004, 2005, 2010. |
| 300 | |a4p.|bfigures en couleur, tableaux |
| 490 | 1 |aLe point en recherche. Série technique |v04-111 |
| 500 | |aFichier reproduit à partir de l'original imprimé. |
| 590 | |a14-20-Supp|b2014-11-25 |
| 775 | 08|tCharacterizing the condominium population of the greater Ottawa, 1969-2002 |w(CaOODSP)9.581160 |
| 776 | 0#|tCaractérisation des ensembles en copropriété de la grande région d'Ottawa pour la période de 1969 à 2002 |w(CaOODSP)9.626711 |
| 830 | #0|aLe point en recherche. Série technique ;|v04-111|w(CaOODSP)9.501067 |
| 856 | 40|ahttp://publications.gc.ca|qPDF|s286 Ko|uhttps://publications.gc.ca/collections/collection_2014/schl-cmhc/NH18-22-104-111-fra.pdf|y04-111 |